Stolice państw świata - Statystyki

Ogólne statystyki
  • Ten quiz został rozwiązany 568 razy
  • Średni wynik to 29 z 51
Statystyki odpowiedzi
KRAJ STOLICA % Poprawnych
Rosja Moskwa
99%
Stany Zjednoczone Waszyngton
92%
Chiny Pekin
89%
Polska Warszawa
89%
Niemcy Berlin
87%
Hiszpania Madryt
85%
Francja Paryż
85%
Włochy Rzym
85%
Wielka Brytania Londyn
84%
Ukraina Kijów
82%
Norwegia Oslo
82%
Brazylia Brasilia
80%
Kanada Ottawa
80%
Japonia Tokio
80%
Meksyk Meksyk
78%
Finlandia Helsinki
77%
Szwecja Sztokholm
76%
Argentyna Buenos Aires
73%
Turcja Ankara
68%
Egipt Kair
67%
Australia Canberra
64%
Korea Południowa Seul
64%
Algieria Algier
56%
Indie Delhi
55%
Mongolia Ułan Bator
52%
Kazachstan Astana
51%
Kolumbia Bogota
50%
Peru Lima
48%
Chile Santiago
48%
Iran Teheran
48%
Tajlandia Bangkok
44%
Wenezuela Caracas
43%
Syria Damaszek
41%
Irak Bagdad
40%
Indonezja Dżakarta
39%
Nowa Zelandia Wellington
38%
Wietnam Hanoi
36%
Afganistan Kabul
36%
Arabia Saudyjska Rijad
36%
Filipiny Manila
35%
Kenia Nairobi
35%
Pakistan Islamabad
31%
Malezja Kuala Lumpur
31%
Libia Trypolis
31%
Etipoia Addis Abeba
30%
Nepal Katmandu
30%
Sudan Chartum
26%
Boliwia Sucre
23%
Nigeria Abudża
22%
Tanzania Dodoma
18%
Niger Niamey
18%
Nie znaleziono quizów pasujących do podanych kryteriów
Rozkład punktacji
Procent ludzi z każdym wynikiem
Percentyl według liczby udzielonych odpowiedzi
Twoja historia wyników
Nie rozwiązałeś tego quizu